|
|
|
|
| LEADER |
01344nam a2200241 a 4500 |
| 001 |
3700515 |
| 008 |
100204r19861980enka b 001 0 eng d |
| 010 |
|
|
|a 79040820
|
| 020 |
|
|
|a 0471276626 :
|c £7.00
|
| 040 |
|
|
|a DLC
|c DLC
|d DLC
|d DB-DhAAL
|
| 082 |
0 |
0 |
|a 363.6/1/091724
|2 19
|
| 245 |
0 |
0 |
|a Evaluation for village water supply planning /
|c Sandy Cairncross ... [et al.].
|
| 260 |
|
|
|a Chichester [Eng.] ;
|a New York :
|b Published in association with International Reference Centre for Community Water Supply by J. Wiley,
|c c1980.[reprinted 1986]
|
| 300 |
|
|
|a xviii, 179 p. :
|b ill. ;
|c 24 cm.
|
| 504 |
|
|
|a Includes bibliographies and index.
|
| 541 |
1 |
|
|e 00003419
|
| 650 |
|
0 |
|a Water-supply
|z Developing countries.
|
| 700 |
1 |
|
|a Cairncross, Sandy.
|
| 852 |
4 |
|
|a Ayesha Abed Library
|j General Shelf.
|
| 999 |
|
|
|c 7322
|d 7322
|
| 952 |
|
|
|0 0
|1 0
|2 ddc
|4 0
|6 363_610917240000000_EVA_1986
|7 0
|8 NFIC
|9 7773
|a BRACUL
|b BRACUL
|c GEN
|d 2010-02-04
|g 0.00
|l 0
|o 363.61091724 EVA
|p 3010003419
|r 2010-02-04
|t 1
|w 2010-02-04
|y BK
|z Not price in Register
|
| 952 |
|
|
|0 0
|1 0
|2 ddc
|4 0
|6 363_610917240000000_EVA_1986
|7 0
|8 NFIC
|9 10693
|a BRACUL
|b BRACUL
|c GEN
|d 2010-06-06
|l 0
|o 363.61091724 EVA
|p 3010006057
|r 2010-06-06
|t 2
|w 2010-06-06
|y BK
|
| 952 |
|
|
|0 0
|1 0
|2 ddc
|4 0
|6 363_610917240000000_EVA_1986
|7 0
|8 NFIC
|9 10694
|a BRACUL
|b BRACUL
|c GEN
|d 2010-06-06
|l 0
|o 363.61091724 EVA
|p 3010006337
|r 2010-06-06
|t 3
|w 2010-06-06
|y BK
|